01569cam a2200265 i 4500020001800000041000800018082001500026100001300041245010600054260003600160300004100196505037500237520033800612650003800950650001400988650002401002650003701026650001401063650002401077700002001101700001801121942000701139952014001146999001701286 a9781666959987 aENG00a261.2bLEO aLefebure00aChristian perspectives on transforming interreligious encounter : Essays in Honor of Leo D. Lefebure  aMarylandbLexington Booksc2024 axxviii, 350 pages :billustrations ;2 aWays of encountering the religious other -- The Christian Bible and interreligious relations: a conversation with Leo D. Lefebure / John T. Pawlikowski -- A Christian reading of the Bhagavad Gita: relationship and service with God and with others / Kristin Johnston Largen -- Dorothy Day and Pațācārā: two women and their long loneliness / James L. Fredericks. a"This book explores different ways in which Christians can creatively interpret the sacred writings of other religions and shows how the various Christian beliefs can be re-articulated in the light of interreligious dialogue, including revelation, Christ, the Holy Spirit, church and salvation, the ethics of violence, and ecology"-- 0aChristianity and other religions. 0aReligions 0aReligious pluralism 0aChristianity and other religions 0aReligions 0aReligious pluralism1 aPhan, Peter C.,1 aTran, Anh Q., cBK 00104070aHMIbHMIcGENd2024-10-28eKohinoor Book Distributorg11210.00l1o261.2 LEOp25979r2024-11-04s2024-11-04w2024-10-28yBK c23514d23514